Catalog

Record Details

Catalog Search



O třech penízích a jiné povídky : pro děti od 8 let  Cover Image Book Book

O třech penízích a jiné povídky : pro děti od 8 let / Bohumil Říha ; ilustroval Karel Franta

Record details

  • ISBN: (Váz.) :
  • Physical Description: 196 s. : barev. il. ; 24 cm
  • Edition: 5. vyd., (v Albatrosu 2.)
  • Publisher: Praha : Albatros, 1984

Content descriptions

General Note:
27000 výt.
Ilustr. tit. list
Formatted Contents Note:
O třech penízích -- Povstání na horách -- O lékaři Pingovi
Genre: české povídky

Available copies

  • 1 of 1 copy available at Common Catalog SPOK.

Holds

  • 0 current holds with 1 total copy.
Show Only Available Copies
Location Call Number / Copy Notes Barcode Shelving Location Status Due Date
Hospic Dobrého Pastýře BE-R
Tematická katagorie: Beletrie (BE)
204595701603 Knihovna Available -

LDR 01567cam a22004217a 4500
00129712
003CZ-PrJAB
00520171207141842.0
007ta
008840731s1984 xr a f 000 1 cze d
015 . ‡acnb000009916
020 . ‡a(Váz.) : ‡c36 Kčs
035 . ‡a(CZ PrCU)001570152
035 . ‡a(OCoLC)85554941
040 . ‡aABA001 ‡bcze ‡dABA001 ‡dABD001
072 7. ‡a821.162.3 ‡xČeská literatura ‡2Konspekt ‡925
1001 . ‡aŘíha, Bohumil, ‡d1907-1987 ‡7jk01110164 ‡4aut
24510. ‡aO třech penízích a jiné povídky : ‡bpro děti od 8 let / ‡cBohumil Říha ; ilustroval Karel Franta
250 . ‡a5. vyd., (v Albatrosu 2.)
260 . ‡aPraha : ‡bAlbatros, ‡c1984 ‡f(Svoboda)
300 . ‡a196 s. : ‡bbarev. il. ; ‡c24 cm
4901 . ‡aKnižnice nositelů Ceny Hanse Christiana Andersena
4901 . ‡aKlub mladých čtenářů
500 . ‡a27000 výt.
500 . ‡aIlustr. tit. list
5050 . ‡aO třech penízích -- Povstání na horách -- O lékaři Pingovi
648 7. ‡a20. století ‡7ch460558 ‡2czenas
655 7. ‡ačeské povídky ‡7fd133971 ‡2czenas
7001 . ‡aFranta, Karel, ‡d1928-2017 ‡7jk01031767 ‡4ill
74002. ‡aPovstání na horách
74002. ‡aO lékaři Pingovi
74002. ‡aO třech penízích
830 0. ‡aDar: pozůstalost: Mgr. Sylvie Sedláková
830 0. ‡aKnižnice nositelů ceny Hanse Christiana Andersena (Albatros)
830 0. ‡aKlub mladých čtenářů (Albatros)
910 . ‡aBNE702
997 . ‡aBK
998 . ‡a001570152
993 1. ‡1BUDLV ‡2LUDL1 ‡3J - AI-4460 ‡6J2013/0735 ‡5255245783 ‡f24 ‡mBOOK ‡u100.00 ‡w001570234 ‡x000010
901 . ‡a29712 ‡b ‡c29712 ‡tbiblio

Additional Resources